Netter's anatomy coloring book / (Record no. 120734)
[ view plain ]
| 000 -LEADER | |
|---|---|
| fixed length control field | 01394cam a2200337Ii 4500 |
| 008 - FIXED-LENGTH DATA ELEMENTS--GENERAL INFORMATION | |
| fixed length control field | |
| 020 ## - INTERNATIONAL STANDARD BOOK NUMBER | |
| International Standard Book Number | 9780323187985 (paperbag) |
| 040 ## - CATALOGING SOURCE | |
| Original cataloging agency | NUST |
| Transcribing agency | NUST |
| 049 ## - LOCAL HOLDINGS (OCLC) | |
| Holding library | MAIN |
| 050 14 - LIBRARY OF CONGRESS CALL NUMBER | |
| Classification number | QM25 |
| Item number | HAN |
| 003 - CONTROL NUMBER IDENTIFIER | |
| control field | |
| 005 - DATE AND TIME OF LATEST TRANSACTION | |
| control field | 20230120204310.0 |
| 100 1# - MAIN ENTRY--PERSONAL NAME | |
| Personal name | Hansen, John T. |
| Relator term | author |
| Relationship | aut. |
| 245 10 - TITLE STATEMENT | |
| Title | Netter's anatomy coloring book / |
| Statement of responsibility, etc. | John T. Hansen ; artists, Art based on the works of the Frank H. Netter, MD, collection ; modified for coloring by Carlos A.G. Machado, MD and Dragonfly Media Group. |
| 250 ## - EDITION STATEMENT | |
| Edition statement | Second edition. |
| 264 #1 - PRODUCTION, PUBLICATION, DISTRIBUTION, MANUFACTURE, AND COPYRIGHT NOTICE | |
| Place of production, publication, distribution, manufacture | Philadelphia, PA : |
| Name of producer, publisher, distributor, manufacturer | Saunders/Elsevier, |
| Date of production, publication, distribution, manufacture, or copyright notice | �2014. |
| 300 ## - PHYSICAL DESCRIPTION | |
| Extent | 1 volume (various pagings) : |
| Other physical details | illustrations ; |
| Dimensions | 28 cm. |
| 336 ## - CONTENT TYPE | |
| Content type term | text |
| Content type code | txt |
| Source | rdacontent |
| 337 ## - MEDIA TYPE | |
| Media type term | unmediated |
| Media type code | n |
| Source | rdamedia |
| 338 ## - CARRIER TYPE | |
| Carrier type term | volume |
| Carrier type code | nc |
| Source | rdacarrier |
| 505 0# - FORMATTED CONTENTS NOTE | |
| Formatted contents note | Orientation and introduction -- Skeletal system -- Muscular system -- Nervous system -- Cardiovascular system -- Lymphatic system -- Respiratory system -- Gastrointestinal system -- Urinary system -- Reproductive system -- Endocrine system |
| 650 #0 - SUBJECT ADDED ENTRY--TOPICAL TERM | |
| Topical term or geographic name entry element | Human anatomy |
| Form subdivision | Atlases. |
| 650 #0 - SUBJECT ADDED ENTRY--TOPICAL TERM | |
| Topical term or geographic name entry element | Coloring books. |
| 650 #2 - SUBJECT ADDED ENTRY--TOPICAL TERM | |
| Topical term or geographic name entry element | Anatomy. |
| 650 00 - SUBJECT ADDED ENTRY--TOPICAL TERM | |
| Topical term or geographic name entry element | Atlases. |
| 650 ## - SUBJECT ADDED ENTRY--TOPICAL TERM | |
| Topical term or geographic name entry element | Scientific atlases. |
| 700 1# - ADDED ENTRY--PERSONAL NAME | |
| Personal name | Netter, Frank Henry, |
| Relator term | artist. |
| 700 1# - ADDED ENTRY--PERSONAL NAME | |
| Personal name | Machado, Carlos A. G., |
| Relator term | artist. |
| 907 ## - LOCAL DATA ELEMENT G, LDG (RLIN) | |
| a | .b10397632 |
| b | 19-07-21 |
| c | 10-04-19 |
| 942 ## - ADDED ENTRY ELEMENTS (KOHA) | |
| Koha item type | Ordinary Loan Books |
| Date last seen | Total Checkouts | Full call number | Barcode | Cost, replacement price | Price effective from | Koha item type | Lost status | Source of classification or shelving scheme | Damaged status | Not for loan | Collection | Withdrawn status | Home library | Current library | Shelving location | Date acquired | Cost, normal purchase price |
|---|---|---|---|---|---|---|---|---|---|---|---|---|---|---|---|---|---|
| 01/20/2023 | R727.8 COX | 92004049099 | 80.00 | 01/20/2023 | BOOKS | LCC | NFIC | Medical | Medical | GEN | 01/20/2023 | 80.00 |